000 00872nas a2200265 4500
001 BR8707309
003 BR-BrBNA
005 20231205090921.0
007 ta
008 230509b bl.|||p| |||| 00| 00por d
040 _aBR-BrBNA
_bpor
_cBiblioteca Nacional de Agricultura
041 _a(Pt)
072 _aQ54; L74
100 1 _aFranzolin Neto, R.
100 1 _aVelloso, L.
245 1 _aLeucaena leucocephala (Lam.)de wit em racoes para ovinos. 2. Toxicidade
_bParte de tese
246 1 _aLeucaena leucocephala (Lam.)de wit for sheep rations, 2: Toxicity
_bPart of thesis
650 _aOVINO
650 _aLEUCAENA
650 _aRACAO
650 _aFITOTOXICIDADE
773 0 _tRevista da Sociedade Brasileira de Zootecnia (Brazil)
_xISSN 0100-4859
_g(1986), v. 15(5) p. 415-424
_wBR8707309
909 _a202311
_bLúcia
_c55
_dLúcia Elande
942 _2AGRIS
_n0
_cANA
999 _c121627
_d121627